|
|
|
|
| LEADER |
00000nab a2200000 a 4500 |
| 001 |
vtls000554025 |
| 003 |
SK-MaSNL |
| 005 |
20260304092314.0 |
| 008 |
250425c1995 xo 0 slo |
| 015 |
|
|
|a SNBRB19rr/mm-uuuuu
|
| 035 |
|
|
|a CL0554163
|
| 035 |
|
|
|a urn:nbn:sk:snk-abal0b
|
| 035 |
|
|
|a (urnnbn)urn:nbn:sk:snk:ar-007uz9
|
| 035 |
|
|
|a (uuid)565e51fe-c602-4542-8cd9-31c5b802971f
|
| 040 |
|
|
|a SNKBUCL
|b slo
|c SNKBUCL
|e AACR2
|
| 041 |
0 |
|
|a cze
|
| 044 |
|
|
|a xo
|c SK
|
| 080 |
|
|
|a 616.33-002-053.2:579.84
|2 1981
|
| 080 |
|
|
|a 579.84
|2 1981
|
| 245 |
0 |
0 |
|a Výskyt chronickej gastritídy u detí v spojitosti s infekciou Helicobacter pylori
|c Emeše Majorová ... [et al.]
|
| 300 |
|
|
|b Tab. 4, res. angl., slov., lit. 21 zázn. v angl.
|
| 650 |
0 |
7 |
|a gastritída chronická
|2 snkbucl
|9 899067
|
| 650 |
0 |
7 |
|a Helicobacter pylori
|2 snkbucl
|9 14399
|
| 655 |
|
7 |
|a články z novín a časopisov
|2 snkbucl
|9 267496
|
| 700 |
1 |
|
|a Majorová, Emeše
|4 aut
|9 339163
|
| 700 |
1 |
|
|a Böör, A.
|4 aut
|9 830101
|
| 700 |
1 |
|
|a Beňo, Pavol,
|d 1957-
|4 aut
|9 190080
|
| 700 |
1 |
|
|a Jancová, A.
|4 aut
|9 806397
|
| 773 |
0 |
|
|t Česká a slovenská gastroenterologie
|g Roč. 49, č. 2 (1995), s. 43-45
|x 1210-7824
|
| 850 |
|
|
|a Slovenská národná knižnica
|
| 852 |
|
|
|a Slovenská národná knižnica
|
| 954 |
|
|
|a odborná, vedecká literatúra cudzojazyčná (svetová)
|2 lita
|
| 958 |
|
|
|a article14
|
| 958 |
|
|
|a RK
|
| 958 |
|
|
|a NB
|
| 958 |
|
|
|a OND
|
| 958 |
|
|
|a EUIPO
|
| 992 |
|
|
|a RBX
|
| 999 |
|
|
|c 2818638
|d 2820568
|